00764nam a2200217Ia 450000500170000000800410001702000150005824500880007325000190016130000420018065000340022265000310025665000300028765000340031726400600035133600270041133700330043833800280047104000350049908400120053420220317000513.0160601s2002 ck g 000 0 spa  a950152230X10aLeyendas de América del Sur cRecopilación y notas Alejandro García Schnetzer a1a. edición  a140 páginasbilustraciones c21 cm 142LEMBaLeyendas suramericanas 142LEMBaLeyendas argentinas 142LEMBaLeyendas uruguayas 142LEMBaLeyendas vColecciones  aBuenos Aires aBogotá bJavier VergarabGrupo Zc2002 atextobtxt2rdacontent asin mediaciónbn2rdamedia avolumenbnc2rdacarrier aCO-BoRNBPbspaerdacCO-BoRNBP aLM LEY5